| 000 | 00793nam a2200241 i 4500 | ||
|---|---|---|---|
| 001 | 9605 | ||
| 003 | ES-MaACL | ||
| 005 | 20240502063034.0 | ||
| 007 | t| | ||
| 008 | 931111s1993 sp ||||1| spa d | ||
| 020 | _a84-7947-045-3 | ||
| 080 | _a7(05)(460.411 Tenerife)(091) | ||
| 100 | 1 |
_aSánchez, Angel, _d1943- _9102339 |
|
| 245 | 1 | 0 |
_aGaceta de arte / _cÁngel Sánchez Rivero. |
| 260 |
_a[Santa Cruz de Tenerife] : _bViceconsejería de Cultura y Deportes, _c[1993] |
||
| 300 |
_a326 p. : _bil. ; _c25 cm. |
||
| 490 | 1 |
_aLa Era de Gaceta de arte ; _v6 |
|
| 630 | 0 |
_aGaceta de arte. _9121691 |
|
| 710 | 1 |
_aCanarias. _bViceconsejería de Cultura y Deportes. _92427 |
|
| 830 | 0 |
_aLa Era de Gaceta de arte ; _v6 _9178570 |
|
| 852 |
_aES-MaACL _jL-17130 |
||
| 999 |
_c9605 _d9605 |
||